Normal view
MARC view
- Royal Institute of International Affairs
Entry Corporate Name
001 - CONTROL NUMBER
- control field: 50520
003 - CONTROL NUMBER IDENTIFIER
- control field: NUST
005 - DATE AND TIME OF LATEST TRANSACTION
- control field: 20210314134648.0
008 - FIXED-LENGTH DATA ELEMENTS
- fixed length control field: 210314|| aca||aabn | a|a d
040 ## - CATALOGING SOURCE
- Original cataloging agency: NUST
- Transcribing agency: NUST
110 ## - HEADING--CORPORATE NAME
- Corporate name or jurisdiction name as entry element: Royal Institute of International Affairs
670 ## - SOURCE DATA FOUND
- Source citation: Work cat.: (NUST): Whyte, Alexander Frederick, 50519, India, a bird's eye view,, [1924]
